Singapore MRT and LRT Stations, inline - Statistics

General Stats
  • This quiz has been taken 40 times
  • The average score is 139 of 276
Answer Stats
Line Hint Answer % Correct
Bukit Panjang LRT BP6/ DT1 Bukit Panjang
84%
Downtown Line DT1/ BP6 Bukit Panjang
84%
North East Line NE17/ PTC/ CP4 Punggol
84%
North East Line NE16/ STC Sengkang
84%
Bukit Panjang LRT BP14 (Closed) Ten Mile Junction
84%
North East Line NE4/ DT19 Chinatown
80%
North East Line NE7/ DT12 Little India
80%
Downtown Line DT12/ NE7 Little India
80%
Cross Island Line CP4/ NE17/ PTC Punggol
80%
Sengkang LRT STC/ NE16 Sengkang
80%
Changi Airport Line CG2-TE33 Changi Airport
76%
Downtown Line DT19/ NE4 Chinatown
76%
North East Line NE8 Farrer Park
76%
North East Line NE1/ CC29/ Sentosa Harbourfront
76%
Circle Line CC29/ NE1/ Sentosa Harbourfront
76%
East West Line EW24/ NS1/ JE5 Jurong East
76%
North South Line NS1/ EW24/ JE5 Jurong East
76%
East West Line EW6 Kembangan
76%
East West Line EW16/ NE3/ TE17 Outram Park
76%
North East Line NE3/ EW16/ TE17 Outram Park
76%
East West Line EW1/ CR5/ CP1 Pasir Ris
76%
North East Line NE18 Punggol Coast
76%
North East Line NE12/ CC13 Serangoon
76%
Circle Line CC13/ NE12 Serangoon
76%
East West Line EW2/ DT32 Tampines
76%
East West Line EW4/ CG-TE35 Tanah Merah
76%
East West Line EW5 Bedok
72%
North East Line NE15 Buangkok
72%
East West Line EW12/ DT14 Bugis
72%
Downtown Line DT14/ EW12 Bugis
72%
East West Line EW13/ NS25 City Hall
72%
North South Line NS25/ EW13 City Hall
72%
North East Line NE5 Clarke Quay
72%
East West Line EW7 Eunos
72%
North East Line NE14/ CR8 Hougang
72%
Jurong Regional Line JE5/ NS1/ EW24 Jurong East
72%
North East Line NE13 Kovan
72%
Thomson East Coast Line TE17/ EW16/ NE3 Outram Park
72%
Cross Island Line CR5/ CP1/ EW1 Pasir Ris
72%
Circle Line CC4/ DT15 Promenade
72%
Downtown Line DT15/ CC4 Promenade
72%
East West Line EW14/ NS26 Raffles Place
72%
North South Line NS26/ EW14 Raffles Place
72%
Downtown Line DT32/ EW2 Tampines
72%
North South Line NS9/ TE2 Woodlands
72%
North East Line NE11 Woodleigh
72%
North South Line NS16/ CR11 Ang Mo Kio
68%
North South Line NS17/ CC15 Bishan
68%
Circle Line CC15/ NS17 Bishan
68%
North East Line NE9 Boon Keng
68%
North South Line NS3 Bukit Gombak
68%
East West Line EW21/ CC22 Buona Vista
68%
Circle Line CC22/ EW21 Buona Vista
68%
East West Line EW25 Chinese Garden
68%
North South Line NS4/ BP1/ JS1 Choa Chu Kang
68%
Bukit Panjang LRT BP1/ NS4/ JS1 Choa Chu Kang
68%
East West Line EW23/ CR17 Clementi
68%
North South Line NS24/ NE6/ CC1 Dhoby Ghaut
68%
North East Line NE6/ NS24/ CC1 Dhoby Ghaut
68%
Circle Line CC1/ NS24/ NE6 Dhoby Ghaut
68%
Changi Airport Line CG1-TE34/ DT35 Expo
68%
Cross Island Line CR8/ NE14 Hougang
68%
North South Line NS22/ TE14 Orchard
68%
East West Line EW8/ CC9 Paya Lebar
68%
Circle Line CC9/ EW8 Paya Lebar
68%
North East Line NE10 Potong Pasir
68%
East West Line EW3 Simei
68%
East West Line EW15 Tanjong Pagar
68%
Thomson East Coast Line TE2/ NS9 Woodlands
68%
North South Line NS13 Yishun
68%
East West Line EW9 Aljunied
64%
Cross Island Line CR11/ NS16 Ang Mo Kio
64%
East West Line EW27/ JS8 Boon Lay
64%
Circle Line CC19/ DT9 Botanic Gardens
64%
Downtown Line DT9/ CC19 Botanic Gardens
64%
North South Line NS2 Bukit Batok
64%
Jurong Regional Line JS1/ NE4/ BP1 Choa Chu Kang
64%
Cross Island Line CR17/ EW23 Clementi
64%
East West Line EW20 Commonwealth
64%
Circle Line CC8 Dakota
64%
East West Line EW22 Dover
64%
Downtown Line DT35/ CG1-TE34 Expo
64%
East West Line EW30/ CR24 Gul Circle
64%
East West Line EW29 Joo Koon
64%
East West Line EW10 Kallang
64%
North South Line NS14 Khatib
64%
East West Line EW11 Lavender
64%
North South Line NS27/ CE2/ TE20 Marina Bay
64%
Circle Line CE2/ NS27/ TE20 Marina Bay
64%
North South Line NS8 Marsiling
64%
North South Line NS21/ DT11 Newton
64%
Downtown Line DT11/ NS21 Newton
64%
North South Line NS20 Novena
64%
Circle Line CC23 one-north
64%
Thomson East Coast Line TE14/ NS22 Orchard
64%
East West Line EW28 Pioneer
64%
East West Line EW19 Queenstown
64%
East West Line EW18 Redhill
64%
North South Line NS23 Somerset
64%
North South Line NS19 Toa Payoh
64%
East West Line EW33 Tuas Link
64%
East West Line EW32 Tuas West Road
64%
North South Line NS15 Yio Chu Kang
64%
Circle Line CE1/ DT16 Bayfront
60%
Downtown Line DT16/ CE1 Bayfront
60%
Jurong Regional Line JS8/ EW27 Boon Lay
60%
Circle Line CC2 Bras Basah
60%
Circle Line CC17/ TE9 Caldecott
60%
North South Line NS12 Canberra
60%
Downtown Line DT2 Cashew
60%
Downtown Line DT17 Downtown
60%
Circle Line CC3 Esplanade
60%
Circle Line CC20 Farrer Road
60%
Cross Island Line CR24/ EW30 Gul Circle
60%
North South Line NS7 Kranji
60%
East West Line EW26 Lakeside
60%
Circle Line CC10/ DT26 MacPherson
60%
Thomson East Coast Line TE20/ NS27/ CE2 Marina Bay
60%
North South Line NS28 Marina South Pier
60%
Circle Line CC6 Stadium
60%
Downtown Line DT8 Tan Kah Kee
60%
East West Line EW31 Tuas Crescent
60%
Thomson East Coast Line TE1/ RTS Woodlands North
60%
North South Line NS5 Yew Tee
60%
North South Line NS18 Braddell
56%
Thomson East Coast Line TE9/ CC17 Caldecott
56%
Downtown Line DT3 Hillview
56%
Circle Line CC27 Labrador Park
56%
Downtown Line DT26/ CC10 MacPherson
56%
Thomson East Coast Line TE21 Marina South
56%
Downtown Line DT13 Rochor
56%
North South Line NS11 Sembawang
56%
Downtown Line DT7 Sixth Avenue
56%
Downtown Line DT10/ TE11 Stevens
56%
East West Line EW17 Tiong Bahru
56%
Thomson East Coast Line TE3 Woodlands South
56%
North South Line NS10 Admiralty
52%
Circle Line CC12 Bartley
52%
Downtown Line DT5 Beauty World
52%
Circle Line CC21 Holland Village
52%
Downtown Line DT4 Hume
52%
Circle Line CC24/ JE? Kent Ridge
52%
Downtown Line DT6/ CR15 King Albert Park
52%
Circle Line CC14 Lorong Chuan
52%
Circle Line CC7 Mountbatten
52%
Circle Line CC5 Nicoll Highway
52%
Circle Line CC26 Pasir Panjang
52%
Bukit Panjang LRT BP5 Phoenix
52%
Thomson East Coast Line TE11/ DT10 Stevens
52%
Circle Line CC11 Tai Seng
52%
Downtown Line DT18 Telok Ayer
52%
Downtown Line DT29 Bedok North
48%
Thomson East Coast Line TE30 Bedok South
48%
Downtown Line DT20 Fort Canning
48%
Circle Line CC25 Haw Par Villa
48%
Cross Island Line CR15/ DT6 King Albert Park
48%
Circle Line CC16 Marymount
48%
Bukit Panjang LRT BP13 Senja
48%
Bukit Panjang LRT BP2 South View
48%
Downtown Line DT33 Tampines East
48%
Downtown Line DT31 Tampines West
48%
Circle Line CC28 Telok Blangah
48%
Downtown Line DT27 Ubi
48%
Downtown Line DT36 Xilin
48%
Bukit Panjang LRT BP9 Bangkit
44%
North South Line NS3A Brickland
44%
Sengkang LRT SE1 Compassvale
44%
Thomson East Coast Line TE15 Great World
44%
Downtown Line DT22 Jalan Besar
44%
Thomson East Coast Line TE26 Marine Parade
44%
Downtown Line DT25 Mattar
44%
Thomson East Coast Line TE18 Maxwell
44%
Thomson East Coast Line TE13 Orchard Boulevard
44%
Circle Line CC32 Shenton Way
44%
Thomson East Coast Line TE19 Shenton Way
44%
Thomson East Coast Line TE4 Springleaf
44%
North South Line NS6/ DE2 Sungei Kadut
44%
Downtown Line DT34 Upper Changi
44%
Thomson East Coast Line TE29 Bayshore
40%
Downtown Line DT21 Bencoolen
40%
Downtown Line DT23 Bendemeer
40%
Thomson East Coast Line TE7/ CR13 Bright Hill
40%
Cross Island Line CR13/ TE7 Bright Hill
40%
Circle Line CC31 Cantonment
40%
Bukit Panjang LRT BP10 Fajar
40%
Sengkang LRT SW2 Farmway
40%
Sengkang LRT SW5 Fernvale
40%
Thomson East Coast Line TE22A Founders' Memorial
40%
Downtown Line DT28 Kaki Bukit
40%
Thomson East Coast Line TE24 Katong Park
40%
Bukit Panjang LRT BP3 Keat Hong
40%
Thomson East Coast Line TE27 Marine Terrace
40%
Thomson East Coast Line TE6 Mayflower
40%
Thomson East Coast Line TE12 Napier
40%
Sengkang LRT SE2 Rumbia
40%
Downtown Line DT37/ TE31 Sungei Bedok
40%
Thomson East Coast Line TE31/ DT37 Sungei Bedok
40%
Downtown Line DE2/ NS6 Sungei Kadut
40%
Thomson East Coast Line TE25 Tanjong Katong
40%
Bukit Panjang LRT BP4 Teck Whye
40%
Thomson East Coast Line TE8 Upper Thomson
40%
Sengkang LRT SE3 Bakau
36%
Downtown Line DT30 Bedok Reservoir
36%
Circle Line CC18 Bukit Brown
36%
Punggol LRT PE1 Cove
36%
Downtown Line DT24 Geylang Bahru
36%
Bukit Panjang LRT BP12 Jelapang
36%
Thomson East Coast Line TE5 Lentor
36%
Bukit Panjang LRT BP8 Pending
36%
Bukit Panjang LRT BP7 Petir
36%
Sengkang LRT SE5 Ranggung
36%
Bukit Panjang LRT BP11 Segar
36%
Thomson East Coast Line TE28 Siglap
36%
Thomson East Coast Line TE23 Tanjong Rhu
36%
Sengkang LRT SW1 Cheng Lim
32%
Punggol LRT PE3 Coral Edge
32%
Punggol LRT PE7 Damai
32%
Thomson East Coast Line TE16 Havelock
32%
Jurong Regional Line JS6 Jurong West
32%
Sengkang LRT SE4 Kangkar
32%
Circle Line CC30 Keppel
32%
Sengkang LRT SW3 Kupang
32%
Sengkang LRT SW6 Layar
32%
Thomson East Coast Line TE10 Mount Pleasant
32%
Punggol LRT PE6 Oasis
32%
Sengkang LRT SW8 Renjong
32%
Punggol LRT PW1 Sam Kee
32%
Sengkang LRT SW4 Thanggam
32%
Sengkang LRT SW7 Tongkang
32%
Thomson East Coast Line TE22 Gardens by the Bay
28%
Punggol LRT PE2 Meridian
28%
Punggol LRT PE4/ CP3 Riviera
28%
Cross Island Line CP3/ PE4 Riviera
28%
Punggol LRT PW6 Sumang
28%
Punggol LRT PW2 Teck Lee
28%
Jurong Regional Line JS3 Tengah
28%
Cross Island Line CR2 Aviation Park
24%
Cross Island Line CR7 Defu
24%
Punggol LRT PE5 Kadaloor
24%
Cross Island Line CR3 Loyang
24%
Punggol LRT PW5 Nibong
24%
Cross Island Line CR4 Pasir Ris East
24%
Punggol LRT PW3 Punggol Point
24%
Punggol LRT PW4 Samudera
24%
Punggol LRT PW7 Soo Teck
24%
Cross Island Line CR6 Tampines North
24%
Jurong Regional Line JS2 Choa Chu Kang West
20%
Jurong Regional Line JS5 Corporation
20%
Jurong Regional Line JS9 Enterprise
20%
Cross Island Line CR10 Tavistock
20%
Cross Island Line CR12 Teck Ghee
20%
Cross Island Line CR18/ JE West Coast
20%
Jurong Regional Line JS7 Bahar Junction
16%
Jurong Regional Line JE3 Bukit Batok West
16%
Jurong Regional Line JW1 Geck Poh
16%
Jurong Regional Line JS4 Hong Kah
16%
Jurong Regional Line JS11 Jurong Hill
16%
Jurong Regional Line JS12/ CR21 Jurong Pier
16%
Cross Island Line CR21/ JS12 Jurong Pier
16%
Jurong Regional Line JE6 Jurong Town Hall
16%
Cross Island Line CR16 Maju
16%
Jurong Regional Line JW4 Nanyang Crescent
16%
Jurong Regional Line JW3 Nanyang Gateway
16%
Jurong Regional Line JE7 Pandan Reservoir
16%
Jurong Regional Line JW5 Peng Kang Hill
16%
Cross Island Line CR9 Serangoon North
16%
Jurong Regional Line JW2 Tawas
16%
Jurong Regional Line JE2 Tengah Park
16%
Jurong Regional Line JE1 Tengah Plantation
16%
Jurong Regional Line JE4 Toh Guan
16%
Cross Island Line CP2 Elias
12%
Cross Island Line CR19 Jurong Lake District
12%
Cross Island Line CR14 Turf City
12%
Jurong Regional Line JS10 Tukang
8%
Thomson East Coast Line TE32/ CR1 Changi Terminal 5
4%
Cross Island Line CR1/ TE32 Changi Terminal 5
4%
No matching quizzes found
Score Distribution
Percent of People with Each Score
Percentile by Number Answered
Your Score History
You have not taken this quiz